000 00777nam a2200241Ia 4500
001 21739
005 20260407115036.0
008 260320s9999||||xx |||||||||||||| ||und||
020 _a9789587925258
041 _aESP
082 _a005.133
_bO73
100 _aOrtega Candel, José Manuel,
_eAUT
245 0 _aBig data, machine learning y data science en Python
250 _aPrimera edición
260 _aBogotá :
_bEdiciones de la U,
_c2023
300 _a406 páginas :
_btablas, gráficos ;
_c24 cm.
440 _a(Informática)
650 _aGEN
653 _aPython (Lenguaje de programación)
654 _aCCC
856 _uhttps://ieeexplore-ieee-org.ucsp.lookproxy.com/Xplore/home.jsp
_zVéase además: Base de datos IEEE Xplore
942 _cLIB
_dJUS
_fMAT
_2ddc
999 _c21739
_d21739